| 000 | 00497nam a2200169Ia 4500 | ||
|---|---|---|---|
| 003 | IN-BaIIA | ||
| 008 | 211028s9999 xx 000 0 eng d | ||
| 040 | _cIIA Library | ||
| 080 |
_a523.64 _bTHE |
||
| 245 | 4 |
_aThe Great comet of 2013 _beverything you need to know to enjoy comet ISON _cedited by Richard Talcott |
|
| 260 |
_aU. S. A _bKalmbach Publishing _c2013 |
||
| 300 | _a66p. | ||
| 650 |
_aAstronomy _980 |
||
| 650 |
_aComet _925367 |
||
| 700 |
_aTalcott, Richard., ed. _935991 |
||
| 942 | _cBK | ||
| 999 |
_c18822 _d18822 |
||